| 000 | 00764nam a22002055i 4500 | ||
|---|---|---|---|
| 001 | 154013 | ||
| 003 | ES-MaACL | ||
| 005 | 20240526062941.0 | ||
| 008 | 960520s1899 fr |||| | fre d | ||
| 040 |
_aGA _bspa _cCCPB | SIC |
||
| 100 | 1 |
_aFaguet, Émile, _d1847-1916 _948632 |
|
| 245 | 1 | 0 |
_aFlaubert / _cPar Emile Faguet. |
| 260 |
_aParís : _bLibrairie Hachette et Cie, _c1899 ( _eCoulommiers : _fImp. Paul Brodard) |
||
| 300 |
_a191 p. ; _c19 cm. |
||
| 490 | 1 | _aLes grands écrivains français | |
| 600 | 1 | 4 |
_aFlaubert, Gustave, _d1821-1880 _951134 |
| 830 | 0 |
_aLes grands écrivains français _9182230 |
|
| 852 |
_aES-MaACL _jB-3170 _z-- Enc. pasta española _q-- Falto de la cub. original _z-- Enc. en un vol. facticio |
||
| 999 |
_c154013 _d154013 |
||